Reflexiones en torno a la incidencia de las telecomunicaciones, la energia eléctrica, combustibles y banca en la competitividad de las empresas costarricenses /
সংরক্ষণ করুন:
| প্রধান লেখক: | |
|---|---|
| সংস্থা লেখক: | , |
| বিন্যাস: | পাঠ্য |
| প্রকাশিত: |
Zarcero:
s.e.
|
| ট্যাগগুলো: |
ট্যাগ যুক্ত করুন
কোনো ট্যাগ নেই, প্রথমজন হিসাবে ট্যাগ করুন!
|
MARC
| LEADER | 00000 a a2200000 04500 | ||
|---|---|---|---|
| 001 | 31585 | ||
| 003 | |||
| 040 | |||
| 090 | |a 199000 | ||
| 100 | |a Solís Bolaños, Ronald | ||
| 110 | |a CADEXCO | ||
| 245 | |a Reflexiones en torno a la incidencia de las telecomunicaciones, la energia eléctrica, combustibles y banca en la competitividad de las empresas costarricenses / |c CADEXCO | ||
| 260 | |a Zarcero: |b s.e. | ||
| 300 | |a 30 p. | ||
| 710 | |a Camara de Exportadores de Costa Rica | ||
| 999 | |c 2694 |d 2694 | ||
